Strategic Administración for Public and Nonprofit Organizations /

Tallennettuna:
Bibliografiset tiedot
Päätekijä: Steiss, Alan Walter (autor)
Aineistotyyppi: Kirja
Kieli:englanti
Julkaistu: Nueva York, EUA : Marcel Dekker, 2003, c2003
Boulder, EUA : NetLibrary [distribución], 2003
Sarja:(Public Administration and Public Policy ; 102)
Aiheet:
Linkit:Ver documento en línea
Tagit: Lisää tagi
Ei tageja, Lisää ensimmäinen tagi!

MARC

LEADER 00000nam^a2200000^a^4500
001 000191993
005 20251023000000.0
009 20260310102546.856
020 |a 0-8247-4743-7 
020 |a 0-8247-0874-1 
037 |a Acervo ITESO - Biblioteca 
041 |a ING 
082 |a 658. 048  |b STE 
100 |a Steiss, Alan Walter  |e (autor) 
245 1 0 |a Strategic Administración for Public and Nonprofit Organizations /  |c A. Walter Steiss. 
264 4 |a Nueva York, EUA :  |b Marcel Dekker,  |c 2003, c2003 
264 4 |a Boulder, EUA :  |b NetLibrary [distribución],  |c 2003 
300 |a 1 libro electrónico en línea (VI, 438 p.) 
336 |a datos para computadora  |b cod  |2 rdacontenido 
337 |a computadora  |b c  |2 rdamedio 
338 |a recurso en línea  |b cr  |2 rdasoporte 
440 1 |a (Public Administration and Public Policy ;  |v 102) 
649 |a XX 
650 |a Organizaciones No Gubernamentales -  |x Administración -  |x Tema Principal 
650 |a Planeación Estratégica -  |x Tema Principal 
650 |a Planeación Administrativa 
650 |a Administración Pública -  |x Tema Principal 
650 |a Proceso Administrativo 
650 |a Ciencias Administrativas 
856 4 0 |u https://ezproxy.iteso.mx/login?url=https://search.ebscohost.com/login.aspx?direct=true&scope=site&db=nlebk&db=nlabk&AN=87907  |y Ver documento en línea 
910 |a Fondo General 
920 |a Electrónicos - Libros en Línea 
930 |a Plataforma Digital 
905 |a 205 
901 |a 191993  |b IT2  |c EBO  |i C153  |u 20250521 
902 |a https://opac.biblio.iteso.mx/vufind/Record/000191993